Život bez televízie?

Bibliographic Details
Main Author: Erdziaková, Alena (Author)
Format: Article
Language:Slovak
ISSN:1335-566X
Subjects:

MARC

LEADER 00000nab a2200000 a 4500
001 vtls008931954
003 SK-MaSNL
005 20260304143901.0
008 250505c2006 xo qr|p|||||||000 b|slo
015 |a SNBRB2006/12  |2 snkbucl 
035 |a (sysno)vtls008931954 
035 |a urn:nbn:sk:snk-ab7bnl 
035 |a (uuid)b1680da2-538c-4c6f-bc47-e9fd085179b0 
035 |a (urnnbn)urn:nbn:sk:snk:ar-a07hk4 
040 |a SNKBUCL  |b slo  |c SNKBUCL  |e AACR2 
041 0 |a slo  |b eng 
044 |a xo  |c SK 
080 |a 621.397.13  |2 2001 
080 |a 371.687  |2 2001 
080 |a 7.097  |2 2001 
080 |a 316.774:654.197  |2 2001 
100 1 |a Erdziaková, Alena  |4 aut  |9 268524 
245 1 0 |a Život bez televízie?  |c Alena Erdziaková 
546 |a Res. angl. 
600 1 7 |a Mander, Jerry  |t Štyři důvody pro zrušení televize  |2 snkbucl  |9 1465092 
650 0 7 |a televízia  |2 snkbucl  |9 16407 
655 7 |a analýzy  |2 snkbucl  |9 22242 
773 0 |t Forum scientiae et sapientiae  |g Roč. XIII, č. 2 (2006), s. 51-53  |x 1335-566X 
850 |a Slovenská národná knižnica 
852 |a Slovenská národná knižnica 
954 |a odborná, vedecká literatúra pôvodná (slovenská)  |2 lita 
958 |a article27 
958 |a OND 
958 |a EUIPO 
999 |c 2928056  |d 2929986